A New Look Into Social Science (Record no. 50110)

MARC details
000 -LEADER
fixed length control field 00375nam a2200145Ia 4500
008 - FIXED-LENGTH DATA ELEMENTS--GENERAL INFORMATION
fixed length control field 220530s9999 xx 000 0 und d
041 ## - LANGUAGE CODE
Language code of text/sound track or separate title eng
082 ## - DEWEY DECIMAL CLASSIFICATION NUMBER
Classification number 300
Item number SHA
100 ## - MAIN ENTRY--PERSONAL NAME
Personal name Shabbir S
9 (RLIN) 54871
245 ## - TITLE STATEMENT
Title A New Look Into Social Science
260 ## - PUBLICATION, DISTRIBUTION, ETC. (IMPRINT)
Name of publisher, distributor, etc. S Chand and Company
Date of publication, distribution, etc. 2010
300 ## - PHYSICAL DESCRIPTION
Other physical details PB
700 ## - ADDED ENTRY--PERSONAL NAME
Personal name Dwadashiwar Jaya Sheikh A M
9 (RLIN) 54872
906 ## - LOCAL DATA ELEMENT F, LDF (RLIN)
a 22.5
b ALIED
Holdings
Withdrawn status Lost status Damaged status Not for loan Collection code Home library Current library Date acquired Vendor Cost, normal purchase price Full call number Barcode Date last seen Cost, replacement price Bill Date Koha item type Original Barcode
        Allied Science Cummins College of Engineering for Women Nagpur Cummins College of Engineering for Women Nagpur 26/05/2011 Complimentary Copy 90.00 300/SHA CEWN-BK-404 30/05/2022 67.50 30/05/2022 Books 000404